| 000 | 01338nam a22001577a 4500 | ||
|---|---|---|---|
| 999 |
_c519800 _d519800 |
||
| 008 | 220509b ||||| |||| 00| 0 eng d | ||
| 100 |
_aWang, Dedong and Liu, Yang _933066 |
||
| 245 | _aThe effect of political skill on relationship quality in construction projects: The mediating effect of cooperative conflict management styles | ||
| 260 | _aProject Management Journal | ||
| 300 | _a52(6), Dec, 2021: p.563-576 | ||
| 520 | _aNegative consequences can arise if interpersonal conflicts in construction projects are not handled properly. This study aims to investigate the relationship among political skill, cooperative conflict management styles, and relationship quality. Multiple regressions were used to test the hypothesis based on 206 items of data collected from construction project practitioners in China. Results demonstrate the mechanism of action among political skill, conflict management styles, and relationship quality and verify the mediating effect of cooperative conflict management styles, providing enlightenment for future research on conflict management. – Reproduced | ||
| 650 |
_aPolitical skill, Cooperative conflict management styles, Relationship quality, Social exchange theory, Construction project _931002 |
||
| 773 | _aProject Management Journal | ||
| 906 | _aCONFLICT MANAGEMENT | ||
| 942 | _cAR | ||